Britannica book of the year. (Record no. 27685)

000 -LEADER
fixed length control field 01416cmm a2200325 a 4500
001 - CONTROL NUMBER
control field 5003067
003 - CONTROL NUMBER IDENTIFIER
control field OSt
005 - DATE AND TIME OF LATEST TRANSACTION
control field 20250225103137.0
008 - FIXED-LENGTH DATA ELEMENTS--GENERAL INFORMATION
fixed length control field 970219s1994 ilu b eng
010 ## - LIBRARY OF CONGRESS CONTROL NUMBER
LC control number 97801485
020 ## - INTERNATIONAL STANDARD BOOK NUMBER
International Standard Book Number 0852296002
040 ## - CATALOGING SOURCE
Original cataloging agency DLC
Transcribing agency DLC
Modifying agency DLC
050 00 - LIBRARY OF CONGRESS CALL NUMBER
Classification number AE5
082 10 - DEWEY DECIMAL CLASSIFICATION NUMBER
Classification number 032
Item number E5633
245 00 - TITLE STATEMENT
Title Britannica book of the year.
246 30 - VARYING FORM OF TITLE
Title proper/short title Britannica
260 ## - PUBLICATION, DISTRIBUTION, ETC.
Place of publication, distribution, etc. Chicago, IL :
Name of publisher, distributor, etc. Encyclopædia Britannica,
Date of publication, distribution, etc. c1994.
300 ## - PHYSICAL DESCRIPTION
Extent 928 p.
520 ## - SUMMARY, ETC.
Summary, etc. Includes an electronic version of the Encyclopædia Britannica (82,000 articlesin the Micropædia and Macropædia), Britannica book of the year (1993 and 1994), and the Merriam-Webster's collegiate dictionary (70,000 definitions of 60,000 words). Includes search, retrieval, and navigational software.
538 ## - SYSTEM DETAILS NOTE
System details note System requirements: PC with 80486/25 MHz; 4MB RAM; MS-DOS 3.1 or later; Microsoft Windows 3.1 or higher; Microsoft CD-ROM extensions (MSCDEX) 2.2 or later; VGA display card and VGA or multisynch monitor; CD-ROM drive; printer recommended.l
650 #0 - SUBJECT ADDED ENTRY--TOPICAL TERM
Topical term or geographic name entry element Encyclopaedia
9 (RLIN) 1110
Topical term or geographic name entry element Yearbook
9 (RLIN) 3579
Topical term or geographic name entry element English language
Form subdivision Dictionaries.
710 2# - ADDED ENTRY--CORPORATE NAME
Corporate name or jurisdiction name as entry element Encyclopaedia Britannica, Inc.
730 02 - ADDED ENTRY--UNIFORM TITLE
Uniform title Encyclopaedia Britannica.
Uniform title Britannica book of the year.
906 ## - LOCAL DATA ELEMENT F, LDF (RLIN)
a 7
b cbc
c orignew
d u
e ncip
f 19
g y-gencompf
942 ## - ADDED ENTRY ELEMENTS (KOHA)
Source of classification or shelving scheme
Koha item type Reference book

No items available.

Designed and Maintained by IMU-KC Library, Kolkata Campus © Copyright All Rights Reserved

webs counters

Powered by Koha